000 00672nam a2200181Ia 4500
008 100920s9999 xx 000 0 und d
082 _b99462
_a--- न 07
100 _aजाखोटिया गिरीश.
245 _aअेका मारवाडयाची गोष्ट.
260 _bराजेंद्र प्रकाशन मुंबई.
_c2007
300 _a287
_bसाधी
365 _b280
520 _aकादंबरी.
630 _aअेका मारवाडयाची गोष्ट.
650 _aकादंबरी.
730 _aअेका मारवाडयाची गोष्ट.
942 _cBOOK
999 _c739900
_d739897